000 00830nam a2200181Ia 4500
008 151202s9999||||xx |||||||||||||| ||und||
082 _bPNVM-45555
100 _aनगर्सेकर सुरेश/नगर्सेकर अमिता.
245 _aसदगुणांव्दारे रोगनिवारण.
260 _b"मनोरमा प्रकाशन, मुंबई."
260 _c2004
300 _a159
600 _aनगर्सेकर सुरेश/नगर्सेकर अमिता.
630 _aसदगुणांव्दारे रोगनिवारण.
700 _aनगर्सेकर सुरेश/नगर्सेकर अमिता.
730 _aसदगुणांव्दारे रोगनिवारण.
942 _cBOOK
999 _c1311506
_d1311503